<?xml version="1.0" encoding="UTF-8"?>
<marc:record xmlns:marc="http://www.loc.gov/MARC21/slim">
   <marc:leader>00000nam a2200000 a 4500</marc:leader>
   <marc:datafield ind1=" " ind2=" " tag="653">
      <marc:subfield code="a">Softcover / Reisen/Reiseführer/Sportreisen</marc:subfield>
   </marc:datafield>
   <marc:datafield ind1=" " ind2=" " tag="653">
      <marc:subfield code="a">Aktivreisen/Deutschland</marc:subfield>
   </marc:datafield>
   <marc:datafield ind1="0" ind2="0" tag="245">
      <marc:subfield code="a">Öffi Touren Steiermark</marc:subfield>
   </marc:datafield>
   <marc:datafield ind1=" " ind2="1" tag="264">
      <marc:subfield code="a">S.l.] @</marc:subfield>
      <marc:subfield code="b">KOMPASS-KARTEN</marc:subfield>
      <marc:subfield code="c">2026</marc:subfield>
   </marc:datafield>
   <marc:datafield ind1="1" ind2=" " tag="490">
      <marc:subfield code="a">KOMPASS Outdoor-Führer</marc:subfield>
      <marc:subfield code="v">2715</marc:subfield>
   </marc:datafield>
   <marc:datafield ind1=" " ind2=" " tag="250">
      <marc:subfield code="a">1. Auflage, Neuerscheinung</marc:subfield>
   </marc:datafield>
   <marc:datafield ind1="1" ind2=" " tag="520">
      <marc:subfield code="a">75 WANDERUNGEN, DIE ALLE MIT BUS UND BAHN zu erreichen sind – perfekt für die urbane Bevölkerung von Graz. Die Plattform „Bahn zum Berg“ zeigt alle Verbindungsmöglichkeiten, die es vom eigenen Standort aus zu den Wanderzielen gibt. Das ist die logische interaktive Erweiterung zu diesem Wanderführer. Umweltfreundlich, kein Stau, keine Parkplatzsuche und flexible Tourenziele – die öffentliche Anreise bietet viele Vorteile. POW (Protect Our Winters) und „Bahn zum Berg“ engagieren sich als Projektpartner für eine starke Bewerbung der Führer mit Radiointerviews, Events und intensiver Pressearbeit.
</marc:subfield>
   </marc:datafield>
   <marc:datafield ind1=" " ind2=" " tag="020">
      <marc:subfield code="a">9783991543367</marc:subfield>
      <marc:subfield code="9">9783991543367</marc:subfield>
   </marc:datafield>
   <marc:datafield ind1=" " ind2=" " tag="020">
      <marc:subfield code="a">3991543362</marc:subfield>
      <marc:subfield code="9">3991543362</marc:subfield>
   </marc:datafield>
   <marc:datafield ind1=" " ind2=" " tag="041">
      <marc:subfield code="a">ger</marc:subfield>
   </marc:datafield>
   <marc:datafield ind1=" " ind2=" " tag="300">
      <marc:subfield code="a">160 Seiten</marc:subfield>
   </marc:datafield>
</marc:record>
